000
00323nam a22001457a 4500
008
210602b ||||| |||| 00| 0 eng d
020
_a
9781269331012
041
_a
eng
080
_a
311
082
_a
311
100
_a
55
101
_a
STA
245
_a
Statistics for Business and Economics
_c
Benson
942
_2
udc
_c
BK
999
_c
57913
_d
57913